000 00242nam a22000977a 4500
100 _aVarshney,Gillesh
_979673
245 _aBharat Ratan Rajeev Gandhi
260 _aDelhi
_bAcient Publication
_c2018
650 _aChildren Book
_979674
942 _cBK
999 _c63299
_d63299